Avatar the Last Airbender Characters in Order of Appearance - Statistics

General Stats
  • This quiz has been taken 42 times
  • The average score is 52 of 148
Answer Stats
Name of Episode Answer % Correct
Avatar Aang
100%
General Iroh
96%
Katara
96%
Prince Zuko
96%
The Boy in the Iceberg Sokka
96%
Appa
91%
Gran Gran (Kanna)
91%
The Southern Air Temple Momo
91%
Suki
91%
Avatar Roku
87%
Commander Zhao
87%
Li
87%
Monk Gyatso
87%
King Bumi
83%
Lo
83%
Avatar Kyoshi
78%
Jet Jet
78%
Return to Omashu Mai
78%
Tui
78%
The Avatar and the Fire Lord Fire Lord Sozin
74%
Master Pakku
74%
Ty Lee
74%
Fire Lord Azulon
70%
The Storm Fire Lord Ozai
70%
Longshot
70%
Smellerbee
70%
Toph
70%
Bato
65%
The Puppetmaster Hama
65%
The Waterbending Master Li
65%
The Blind Bandit Master Yu
65%
Pipsqueak
65%
Princess Azula
65%
The Boulder
65%
Appa's Lost Days Hakoda
61%
Imprisoned Haru
61%
La
61%
Shu
61%
The Duke
61%
Jeong Jeong
57%
The Siege of the North Part 2 Koh
57%
Long Feng
57%
Master Piandao
57%
Princess Yue
57%
Sozin's Comet Part 2: The Old Masters Avatar Kuruk
52%
Avatar Yangchen
52%
The Earth King Earth King (Kuei)
52%
Mayor Tong
52%
Oma
52%
Bosco
48%
Fire Lady Ursa
48%
Winter Solstice Part 1: The Spirit World Hei Bai
48%
Bato of the Water Tribe June
48%
The King Of Omashu Cabbage Man
43%
Guru Pathik
43%
The Mechanist
43%
The Warriors of Kyoshi The Unagi
43%
The Warden
43%
Wan Shi Tong
43%
The Fortuneteller Aunt Wu
39%
The Beach Chan
39%
Combustion Man
39%
The Avatar State General Fong
39%
Jin
39%
Chin the Conqueror
35%
The Serpent's Path Hope
35%
City of Walls and Secrets Joo Dee
35%
Lee
35%
The Big Bad Hippo
35%
The Boiling Rock Part 1 Chit Sang
30%
Flopsy
30%
The Swamp Kya
30%
Meng
30%
Painted Lady
30%
The Northern Air Temple Teo
30%
Tom Tom
30%
Tyro
30%
Fang
26%
Sneers
26%
The Painted Lady Dock
22%
Fire Nation Man
22%
The Siege of the North Part 1 Hahn
22%
Huu
22%
Bitter Work Lu Ten
22%
Nyla
22%
Winter Solstice Part 2: Avatar Roku Shyu
22%
Ta Min
22%
Chief Arnook
17%
The Cave of Two Lovers Chong
17%
Koko
17%
Lily
17%
Miyuki
17%
Moku
17%
The Firebending Masters Ran
17%
Shaw
17%
Xin Fu
17%
Bushi
13%
Avatar Day Colonel Mongke
13%
The Runaway Hawky
13%
The Day of Black Sun Part 1: The Invasion Ming
13%
The Headband On Ji
13%
The Southern Raiders Yon Rha
13%
Butler Fat
9%
The Deserter Chey
9%
Due
9%
Foo Foo Cuddly Poops
9%
The Guru General How
9%
Jin Wei
9%
The Library Professor Zei
9%
Song
9%
Than
9%
The Gecko
9%
Wei Jin
9%
Xu
9%
Zuko Alone Ying
9%
The Great Divide Canyon Guide
4%
The Drill General Sung
4%
The Waterbending Scroll Lieutenant Jee
4%
Master Sud
4%
Old Man Ding
4%
Ruon-Jian
4%
The Blue Spirit Shinu
4%
The Gopher
4%
The Herbalist
4%
Tho
4%
War Minister Qin
4%
Yagoda
4%
The Desert Fung
0%
Gansu
0%
General Mung
0%
Ghashiun
0%
Gow
0%
Headhunter
0%
Headmaster
0%
Hide
0%
Lin Yee
0%
Madame Macmu-Ling
0%
Monk Pasang
0%
Monk Tashi
0%
Mother Superior
0%
Oyaji
0%
Lake Laogai Pao
0%
Quon
0%
Sela
0%
Shoji
0%
Shuzumu
0%
The Tales of Ba Sing Se Star
0%
Sokka's Master Warden Poon
0%
No matching quizzes found
Score Distribution
Percent of People with Each Score
Percentile by Number Answered
Your Score History
You have not taken this quiz